01015nam a22002057a 45000010005000000030006000050050017000110080041000280200018000690400030000870500015001170820010001321000018001422450042001602600038002023000044002405200448002846500042007327000035007745624FISKH20250108084143.0250108b cb ||||| |||| 00| 0 eng d a9781416543817 aFISKHbeng cFISKHdFISKH aPQ6719.I54 a863.7 aSierra,Javier aThe secret supper /cby Javier Sierra aNew York : bAtria Books ;c2004. a394 pages : billustrations ;c18 cm .  aIn 1497 a Dominican inquisitor is sent to Milan to supervise the final phase of the painting of The Last Supper by Leonardo da Vinci. Never a conformist, da Vinci creates a masterpiece that raises questions that have yet to be answered. Unlike his contemporaries, he does not hold strictly to the religious doctrine of the scriptures, but adds touches advocated by a repressed heritical sect. Could da Vinci be a member of the secret society?  aLeonardo da Vincivhistorical fiction aManguel, Alberto etranslator